000 00307nam a2200133Ia 4500
100 _aReissland martin U
942 _cBK
654 _aElectrical measurements
245 _aElectrical Measurements
260 _bWILEY EASTERN LIMITED
_aNew Delhi
_c1992
300 _a340
546 _aENGLISH
999 _c20446
_d20446